[Event "Wch U10"]
[Site "Heraklio"]
[Date "2004.11.04"]
[EventDate "?"]
[Round "4"]
[Result "1-0"]
[White "Ray Robson"]
[Black "Irakli Beradze"]
[WhiteElo "2527"]
[BlackElo "2156"]
[PlyCount "67"]

1.e4 c6 2.d4 d5 3.e5 Bf5 4.Nc3 Qb6 5.Nf3 e6 6.Be2 Nd7 7.O-O
Ne7 8.b3 a6 9.Na4 Qc7 10.c4 b5 11.Nb2 Bg6 12.Bf4 Nf5 13.Qd2
Be7 14.Rac1 Qb6 15.c5 Qc7 16.g4 Nh4 17.Nxh4 Bxh4 18.Be3 Be7
19.f4 Be4 20.f5 O-O 21.Bd3 Bxd3 22.Nxd3 Rfe8 23.Nf4 Bh4 24.f6
gxf6 25.Ng2 Bg5 26.Bxg5 fxg5 27.Qxg5+ Kf8 28.Rxf7+ Kxf7
29.Rf1+ Nf6 30.Rxf6+ Ke7 31.Rf5+ Kd7 32.Rf7+ Kc8 33.Rxc7+ Kxc7
34.Qg7+ 1-0

[Event "Wch U10"]
[Site "Heraklio"]
[Date "2004.11.04"]
[EventDate "?"]
[Round "7"]
[Result "0-1"]
[White "Ray Robson"]
[Black "Raymond Song"]
[WhiteElo "2527"]
[BlackElo "2170"]
[PlyCount "119"]

1.e4 e6 2.d4 d5 3.Nc3 Bb4 4.e5 c5 5.a3 Bxc3+ 6.bxc3 Ne7 7.Qg4
Qc7 8.Qxg7 Rg8 9.Qxh7 cxd4 10.Ne2 Nbc6 11.f4 Bd7 12.Qd3 dxc3
13.Nxc3 a6 14.Rb1 Na5 15.h4 Nf5 16.Rh3 O-O-O 17.Bd2 Nc4 18.h5
Nxa3 19.Rb3 Nc4 20.h6 Rg6 21.h7 Rh8 22.Ne2 Bb5 23.Nd4 Nxe5
24.Qc3 Nxd4 25.Qxd4 Bxf1 26.fxe5 Bc4 27.Rbg3 Rxg3 28.Rxg3 Rxh7
29.Rg8+ Kd7 30.Bg5 Qa5+ 31.Kf2 b6 32.Rd8+ Kc7 33.Rd6 Qc5
34.Bd8+ Kc8 35.Bxb6 Qxd4+ 36.Bxd4 Bb5 37.Bb6 Rh4 38.Rd8+ Kb7
39.Bc5 Rc4 40.Bd6 Rxc2+ 41.Kg3 Rc8 42.Rxc8 Kxc8 43.Kf2 Bd3
44.Ke3 Be4 45.g4 Kd7 46.Kd4 Kc6 47.Be7 Kb5 48.Bd6 Bg6 49.Be7
a5 50.Bd6 Ka4 51.Kc3 d4+ 52.Kxd4 Kb3 53.Ke3 a4 54.Kd2 Kb2
55.Bc5 a3 56.Bxa3+ Kxa3 57.Kc3 Ka2 58.g5 Kb1 59.Kb3 Kc1 60.Kc3
0-1

[Event "Wch U10"]
[Site "Heraklio"]
[Date "2004.11.04"]
[EventDate "?"]
[Round "9"]
[Result "1-0"]
[White "Ray Robson"]
[Black "Khachatur Eranyan"]
[WhiteElo "2527"]
[BlackElo "2047"]
[PlyCount "93"]

1.e4 e5 2.Nf3 Nc6 3.Bb5 a6 4.Ba4 Nf6 5.O-O Be7 6.Re1 d6 7.c3
b5 8.Bb3 Bb7 9.h3 O-O 10.d4 Nd7 11.Nbd2 Re8 12.Nf1 h6 13.Ng3
Bf8 14.Nh2 Nf6 15.a4 Qd7 16.Bc2 Rad8 17.d5 Ne7 18.Nh5 Nxh5
19.Qxh5 Ng6 20.Ng4 Qe7 21.axb5 axb5 22.Ra7 Bc8 23.Bd3 Bd7
24.Nh2 Rc8 25.Qe2 b4 26.cxb4 Qh4 27.Ba6 Rb8 28.Rxc7 Qd8 29.Qc4
Rxb4 30.Rxd7 Rxc4 31.Rxd8 Rxc1 32.Rxc1 Rxd8 33.b4 Rb8 34.b5
Nf4 35.Rc8 Rxc8 36.Bxc8 Be7 37.b6 Bd8 38.b7 Bc7 39.Ng4 Ne2+
40.Kf1 Nc3 41.f3 Kf8 42.Ne3 g6 43.Nc4 Ke8 44.Na5 Na4 45.Nc6
Nb6 46.h4 f5 47.Be6 1-0

[Event "Wch U10"]
[Site "Heraklio"]
[Date "2004.11.04"]
[EventDate "?"]
[Round "11"]
[Result "0-1"]
[White "Ray Robson"]
[Black "Yifan Hou"]
[WhiteElo "2527"]
[BlackElo "2585"]
[PlyCount "74"]

1.e4 c5 2.Nf3 d6 3.d4 cxd4 4.Nxd4 Nf6 5.Nc3 a6 6.Be2 e6 7.O-O
Qc7 8.a4 b6 9.f4 Bb7 10.Bf3 Nbd7 11.Kh1 Be7 12.g4 Nc5 13.Qe2
h6 14.Bd2 g6 15.f5 e5 16.Nb3 g5 17.a5 b5 18.Nxc5 dxc5 19.Rfe1
O-O-O 20.Be3 h5 21.Bxg5 hxg4 22.Bxg4 Nxg4 23.Qxg4 f6 24.Be3 b4
25.Na4 Rdg8 26.Qf3 Rh4 27.Nb6+ Kb8 28.Bg1 Rf4 29.Qd3 Rd8
30.Nd5 c4 31.Qd2 Rxd5 32.exd5 Qd7 33.Rad1 Rd4 34.Bxd4 Qxd5+
35.Kg1 Qh1+ 36.Kf2 Qg2+ 37.Ke3 Qf3+ 0-1

[Event "Wch U10"]
[Site "Heraklio"]
[Date "2004.11.04"]
[EventDate "?"]
[Round "3"]
[Result "1/2-1/2"]
[White "Robert Aghasaryan"]
[Black "Ray Robson"]
[WhiteElo "2240"]
[BlackElo "2527"]
[PlyCount "78"]

1.d4 d5 2.c4 e6 3.cxd5 exd5 4.Nc3 Nf6 5.Bg5 Be7 6.e3 c6 7.Bd3
Nbd7 8.Qc2 O-O 9.Nge2 Re8 10.O-O Nf8 11.Rab1 a5 12.a3 Ne4
13.Bxe7 Qxe7 14.Bxe4 dxe4 15.b4 axb4 16.axb4 f5 17.b5 Be6
18.bxc6 bxc6 19.Na4 Qf7 20.Rfc1 Ng6 21.Ng3 Bd5 22.Ne2 f4
23.exf4 Nxf4 24.Nxf4 Qxf4 25.Nb6 Rad8 26.Nxd5 cxd5 27.Qc7 Qg5
28.Qg3 Qf6 29.Qb3 Rc8 30.Rc3 Rxc3 31.Qxc3 Rf8 32.Rf1 Qf5
33.Qe3 Rc8 34.Rc1 Rxc1+ 35.Qxc1 Kf7 36.Qc7+ Kf6 37.Qd6+ Kf7
38.Qc7+ Kf6 39.Qd8+ Kf7 1/2-1/2

[Event "US Open"]
[Site "Ft. Lauderdale USA"]
[Date "2004.08.15"]
[EventDate "2004.08.08"]
[Round "9"]
[Result "0-1"]
[White "Daniel Freeman"]
[Black "Ray Robson"]
[WhiteElo "1726"]
[BlackElo "1918"]
[PlyCount "57"]

1. d4 d5 2. c4 e6 3. Nc3 Nf6 4. Bg5 Be7 5. e3 O-O 6. Qc2 h6
7. h4 b6 8. cxd5 exd5 9. Bd3 Be6 10. Nf3 c5 11. Bxf6 Bxf6
12. O-O-O Qc8 13. Ng5 Nc6 14. Nxd5 Bxg5 15. hxg5 Bxd5 16. gxh6
Nb4 17. Bh7+ Kh8 18. hxg7+ Kxg7 19. Qe2 cxd4+ 20. Kb1 Bxa2+
21. Ka1 Bc4 22. Qh5 Qa6+ 23. Kb1 Ba2+ 24. Kc1 Qc4+ 25. Kd2
dxe3+ 26. Kxe3 Rfe8+ 27. Kf3 Qe2+ 28. Kg3 Qxh5 29. Rxh5 0-1

[Event "HB Global Chess Challenge"]
[Site "Minneapolis USA"]
[Date "2005.05.20"]
[EventDate "2005.05.18"]
[Round "5"]
[Result "1-0"]
[White "Lev Milman"]
[Black "Ray Robson"]
[WhiteElo "2439"]
[BlackElo "2021"]
[PlyCount "67"]

1. e4 c5 2. Nf3 d6 3. d4 cxd4 4. Nxd4 Nf6 5. Nc3 e6 6. g4 h6
7. Be3 Nc6 8. Rg1 a6 9. Qe2 Qc7 10. O-O-O Be7 11. f4 Rb8
12. g5 hxg5 13. fxg5 Nh5 14. g6 Bf6 15. Qc4 Qd7 16. gxf7+ Kxf7
17. Nf5 Be5 18. Bb6 g6 19. Nh4 Bf4+ 20. Kb1 Ne5 21. Qc7 Ra8
22. Be2 Nf6 23. Ng2 Bh6 24. Qxd6 Qxd6 25. Rxd6 Bf8 26. Rdd1
Rxh2 27. Bc7 Nfd7 28. Rxd7+ Bxd7 29. Bxe5 Rh7 30. Rf1+ Ke8
31. Nf4 g5 32. Bh5+ Kd8 33. Nxe6+ Ke7 34. Nc7 1-0

[Event "Belfort YWCC boys under 12"]
[Site "Belfort (90)"]
[Date "2005.??.??"]
[EventDate "?"]
[Round "11.2"]
[Result "1/2-1/2"]
[White "Sanan Sjugirov"]
[Black "Ray Robson"]
[WhiteElo "2358"]
[BlackElo "2021"]
[PlyCount "160"]

1. e4 c5 2. Nf3 d6 3. d4 cxd4 4. Nxd4 Nf6 5. Nc3 e6 6. g4 h6
7. g5 hxg5 8. Bxg5 Nc6 9. Nb3 Qb6 10. Qe2 Bd7 11. O-O-O a6
12. h4 Qc7 13. Bh3 O-O-O 14. f4 Be7 15. f5 Rde8 16. Kb1 Ne5
17. fxe6 fxe6 18. Nd4 Bd8 19. Rhg1 Rh7 20. Rdf1 Kb8 21. Nf3
Bc6 22. Nd4 Bd7 23. Rd1 Nh5 24. Qf2 g6 25. Bxd8 Qxd8 26. Nde2
Qc7 27. Rgf1 Rf7 28. Qxf7 Nxf7 29. Rxf7 Qc6 30. Nd4 Qc8
31. Rdf1 Qd8 32. a3 Bc8 33. Nf3 Rf8 34. Ng5 Rxf7 35. Rxf7 Qe8
36. Bg4 Ka7 37. Bf3 e5 38. Nd5 Nf4 39. Nxf4 exf4 40. Rxf4 Qe5
41. Rf7 Qg3 42. Rh7 Bg4 43. Bxg4 Qxg4 44. c3 Qd1+ 45. Ka2 Qd3
46. Rf7 Qg3 47. Rh7 Qd3 48. Rc7 Kb6 49. Rf7 Ka7 50. Rf3 Qc4+
51. Ka1 d5 52. Rf4 dxe4 53. Rxe4 Qf1+ 54. Ka2 b5 55. a4 Qf5
56. axb5 axb5 57. Rd4 Kb6 58. Ne4 Qe6+ 59. Ka1 Qe7 60. Nd2 Kc5
61. Nb3+ Kb6 62. Rb4 Qa7+ 63. Kb1 Qh7 64. Kc1 Qh6+ 65. Kc2 Qh7
66. Kd2 Qh6+ 67. Kd3 Qh7 68. Re4 Qd7+ 69. Kc2 Qf5 70. Nd2 Kc6
71. Kc1 Kb6 72. Rd4 Kc6 73. Rb4 Qf2 74. Kd1 Qf5 75. Rd4 Kb6
76. Rd6+ Kc5 77. Rf6 Qg4+ 78. Kc2 Qxh4 79. Rxg6 Qa4+ 80. Kd3
Qf4 1/2-1/2

[Event "Belfort YWCC boys under 12"]
[Site "Belfort (90)"]
[Date "2005.??.??"]
[EventDate "?"]
[Round "7.5"]
[Result "1/2-1/2"]
[White "Ray Robson"]
[Black "Parimarjan Negi"]
[WhiteElo "2021"]
[BlackElo "2376"]
[PlyCount "210"]

1. e4 c5 2. Nf3 e6 3. d4 cxd4 4. Nxd4 a6 5. Bd3 Qc7 6. O-O Nf6
7. Qe2 b5 8. a4 b4 9. Bg5 Bd6 10. Kh1 Be5 11. Be3 Nc6 12. c3
bxc3 13. bxc3 d5 14. Nd2 Bb7 15. f4 Bxd4 16. Bxd4 Nxd4
17. cxd4 dxe4 18. Nxe4 Nxe4 19. Bxe4 O-O 20. Rac1 Qd7 21. Bxb7
Qxb7 22. Rc4 Rfd8 23. Rfc1 g6 24. Qe5 Rd5 25. Qe3 Rad8 26. h3
Qb2 27. R1c2 Qb6 28. Rd2 Qd6 29. Kg1 Rb8 30. Qe4 Rb4 31. Rxb4
Qxb4 32. Qc2 Rxd4 33. Rxd4 Qxd4+ 34. Kh1 Kg7 35. Qc6 a5
36. Qb5 Qc3 37. Kh2 h5 38. Qg5 Qb4 39. Qe5+ Kg8 40. Qc7 Qxa4
41. Qb8+ Kh7 42. Qc7 Kg7 43. Qe5+ Kf8 44. Qd6+ Ke8 45. Qb8+
Kd7 46. Qb7+ Kd6 47. Qxf7 Qc4 48. Qxg6 Qxf4+ 49. Kh1 Qf5
50. Qg3+ Kc6 51. Qc3+ Qc5 52. Qf3+ Qd5 53. Qc3+ Kb6 54. Qb2+
Kc5 55. Qc3+ Kb5 56. Qb2+ Kc4 57. Qc2+ Kb4 58. Qb2+ Kc5
59. Qc3+ Kd6 60. Qg3+ Qe5 61. Qd3+ Kc5 62. Qa3+ Kb6 63. Qb3+
Ka7 64. Qc4 Qd5 65. Qc7+ Ka6 66. Qc8+ Kb5 67. Qb8+ Kc4
68. Qc7+ Kb4 69. Qf4+ Qc4 70. Qd2+ Kb5 71. Qd7+ Qc6 72. Qd3+
Kb6 73. Qd8+ Ka6 74. Qd3+ Kb6 75. Qd8+ Qc7 76. Qd4+ Qc5
77. Qd8+ Kc6 78. Qe8+ Kd6 79. Qf8+ Kd5 80. Qf3+ Kc4 81. Qe2+
Kb4 82. Qb2+ Kc4 83. Qe2+ Kc3 84. Qxe6 a4 85. Qe1+ Kb2
86. Qe2+ Kb1 87. Qd3+ Kc1 88. Qf1+ Kc2 89. Qe2+ Kb3 90. Qd3+
Kb2 91. Qd2+ Qc2 92. Qd4+ Kb1 93. Qb6+ Qb2 94. Qg6+ Ka1
95. Qd6 a3 96. Kh2 Qc3 97. Qd1+ Kb2 98. Qe2+ Kc1 99. Qf1+ Kd2
100. Qf2+ Kd3 101. Qf3+ Kc4 102. Qc6+ Kb3 103. Qb5+ Qb4
104. Qd3+ Kb2 105. Qe2+ Kc3 1/2-1/2

[Event "PAN u12b"]
[Site "Balneario Camboriu"]
[Date "2005.??.??"]
[EventDate "?"]
[Round "6"]
[Result "1/2-1/2"]
[White "Ray Robson"]
[Black "Sebastian Iermito"]
[WhiteElo "2466"]
[BlackElo "2431"]
[PlyCount "69"]

1. e4 e5 2. Nf3 d6 3. d4 exd4 4. Nxd4 Nf6 5. Nc3 c6 6. Bf4 Be7
7. Qd2 O-O 8. O-O-O b5 9. f3 b4 10. Nb1 a5 11. Bc4 Ne8 12. g4
Qc7 13. g5 Ba6 14. Bxa6 Nxa6 15. h4 Qd7 16. Nf5 Rd8 17. h5 Nc5
18. Qh2 Ne6 19. Rdg1 Nxf4 20. Qxf4 Qe6 21. Qg4 Kh8 22. f4 a4
23. g6 Bf6 24. h6 fxg6 25. hxg7+ Nxg7 26. Qxg6 Qg8 27. Nxg7
Qxg7 28. Qxg7+ Bxg7 29. Rg4 Rf7 30. Nd2 Rdf8 31. Rhh4 Bd4
32. Kb1 Be3 33. Nc4 Bxf4 34. a3 bxa3 35. Nxa3 1/2-1/2

[Event "Wch U12"]
[Site "Belfort"]
[Date "2005.??.??"]
[EventDate "?"]
[Round "9"]
[Result "1-0"]
[White "Ray Robson"]
[Black "Dariusz Swiercz"]
[WhiteElo "2527"]
[BlackElo "2492"]
[PlyCount "79"]

1.e4 c5 2.Nf3 e6 3.d4 cxd4 4.Nxd4 a6 5.Bd3 Nf6 6.O-O Qc7 7.Qe2
d6 8.c4 g6 9.Nc3 Bg7 10.Rd1 O-O 11.Nf3 Nbd7 12.Bf4 Nh5 13.Be3
b6 14.Rac1 Bb7 15.Bb1 Rfd8 16.b4 Rac8 17.Qd2 Bf8 18.Bg5 f6
19.Be3 Ne5 20.Na4 Nxc4 21.Rxc4 Qxc4 22.Nxb6 Qc7 23.Nxc8 Rxc8
24.Nd4 Ng7 25.a3 Kh8 26.Ba2 Qd7 27.Bh6 Re8 28.Qe3 Ba8 29.Bxg7+
Bxg7 30.Nxe6 Rxe6 31.Bxe6 Qxe6 32.Qb6 Qc8 33.Qxd6 Bf8 34.Qd8
Bb7 35.Qxc8 Bxc8 36.Rd8 Bb7 37.Rxf8+ Kg7 38.Rd8 Bxe4 39.Rd6 f5
40.Rxa6 1-0

[Event "34th World Open"]
[Site "Philadelphia USA"]
[Date "2006.07.01"]
[EventDate "2006.06.28"]
[Round "4"]
[Result "1-0"]
[White "Ray Robson"]
[Black "Mark Ginsburg"]
[WhiteElo "2135"]
[BlackElo "2378"]
[PlyCount "49"]

1. e4 c5 2. Nf3 e6 3. d4 cxd4 4. Nxd4 a6 5. Bd3 Nf6 6. O-O Qc7
7. Qe2 d6 8. c4 Nbd7 9. Nc3 Ne5 10. f4 Qc5 11. Be3 Neg4
12. Nxe6 Qh5 13. Nc7+ Kd8 14. h3 Kxc7 15. Nd5+ Nxd5 16. cxd5
Nf6 17. Qc2+ Kd8 18. Bb6+ Ke8 19. Rae1 Nd7 20. e5 dxe5 21. Bc7
f6 22. d6 g5 23. fxe5 Bh6 24. exf6+ Kf8 25. Bd8 1-0

[Event "34th World Open"]
[Site "Philadelphia USA"]
[Date "2006.07.03"]
[EventDate "2006.06.28"]
[Round "7"]
[Result "0-1"]
[White "Ray Robson"]
[Black "Joshua E Friedel"]
[WhiteElo "2135"]
[BlackElo "2465"]
[PlyCount "92"]

1. e4 e5 2. Nf3 Nc6 3. Bb5 a6 4. Ba4 Nf6 5. O-O b5 6. Bb3 Bc5
7. c3 d6 8. d4 Bb6 9. dxe5 Nxe5 10. Nxe5 dxe5 11. Qxd8+ Kxd8
12. Bg5 Ke7 13. Nd2 Be6 14. Bxe6 Kxe6 15. Bxf6 gxf6 16. Nf3
Rad8 17. Rfe1 Rd6 18. Re2 Rhd8 19. g3 a5 20. Kg2 Rd3 21. Nh4
Rd2 22. Rae1 b4 23. cxb4 axb4 24. Nf5 R8d3 25. Kf1 Bd4 26. b3
c5 27. Rxd2 Rxd2 28. Re2 Rd1+ 29. Kg2 Rc1 30. Kf3 Rf1 31. Kg2
Rc1 32. Kf3 Rf1 33. Kg4 Bxf2 34. Kh5 Bd4 35. Ng7+ Ke7 36. Kh6
f5 37. Nxf5+ Kf6 38. h4 Rxf5 39. exf5 Kxf5 40. Kxh7 Kg4
41. Kg7 Kxg3 42. Kf6 Kf3 43. Re1 e4+ 44. Kf5 e3 45. Rf1+ Kg2
46. Rc1 e2 0-1

[Event "34th World Open"]
[Site "Philadelphia USA"]
[Date "2006.07.04"]
[EventDate "2006.06.28"]
[Round "9"]
[Result "1/2-1/2"]
[White "Ray Robson"]
[Black "Tatev Abrahamyan"]
[WhiteElo "2135"]
[BlackElo "2262"]
[PlyCount "79"]

1. e4 e6 2. d4 d5 3. Nd2 Nf6 4. e5 Nfd7 5. Bd3 c5 6. c3 Nc6
7. Ne2 cxd4 8. cxd4 f6 9. exf6 Nxf6 10. Nf3 Bd6 11. O-O O-O
12. Bf4 Bxf4 13. Nxf4 Ne4 14. Qc1 g6 15. Qe3 Qf6 16. Ne2 Nd6
17. Ng3 Nf5 18. Nxf5 exf5 19. Qf4 Be6 20. a3 Rac8 21. Rfe1 Kg7
22. h4 h6 23. Re3 a6 24. Rae1 Rce8 25. Bb1 Bf7 26. Ba2 Re4
27. Qc7 Nxd4 28. Nxd4 Qxd4 29. Rxe4 fxe4 30. Qxb7 Kg8 31. Re3
Qd2 32. Qxa6 Qxb2 33. Bxd5 Qa1+ 34. Kh2 Qe5+ 35. Rg3 Qxd5
36. Rxg6+ Bxg6 37. Qxg6+ Kh8 38. Qxh6+ Kg8 39. Qg6+ Kh8
40. Qh6+ 1/2-1/2

[Event "Wch U12"]
[Site "Batumi"]
[Date "2006.10.19"]
[EventDate "?"]
[Round "11"]
[Result "1-0"]
[White "Illya Nyzhnyk"]
[Black "Ray Robson"]
[WhiteElo "2344"]
[BlackElo "2347"]
[PlyCount "85"]

1.e4 c5 2.Nf3 d6 3.d4 cxd4 4.Nxd4 Nf6 5.f3 e5 6.Nb3 d5 7.Bg5
Be6 8.Bxf6 gxf6 9.exd5 Bxd5 10.Nc3 Bb4 11.Qd2 Nc6 12.O-O-O
Bxb3 13.Qxd8+ Rxd8 14.Rxd8+ Nxd8 15.axb3 Bxc3 16.bxc3 Ne6
17.Bc4 Ke7 18.Kd2 f5 19.Ra1 a6 20.Ra5 f6 21.Ke3 Nc7 22.g3 Rd8
23.Bd3 f4+ 24.Ke2 fxg3 25.hxg3 h6 26.Ra1 Ke6 27.c4 Rg8 28.Kf2
h5 29.Rh1 Rg5 30.f4 exf4 31.gxf4 Ra5 32.f5+ Ke5 33.Rxh5 Ne8
34.Rh7 Nd6 35.Re7+ Kf4 36.Re6 Nf7 37.Rxf6 Ne5 38.Ke2 Nf3
39.Rh6 Ra1 40.f6 Nd4+ 41.Kd2 Nf3+ 42.Kc3 Ng5 43.f7 1-0

[Event "Chicago op"]
[Site "Chicago"]
[Date "2006.05.25"]
[EventDate "?"]
[Round "2"]
[Result "0-1"]
[White "Ray Robson"]
[Black "Emil Anka"]
[WhiteElo "2527"]
[BlackElo "2384"]
[PlyCount "84"]

1.e4 c5 2.Nf3 d6 3.d4 cxd4 4.Nxd4 Nf6 5.Nc3 g6 6.Be3 Bg7 7.f3
Nc6 8.Qd2 Bd7 9.O-O-O Rc8 10.g4 h5 11.g5 Nh7 12.f4 O-O 13.h4
a6 14.Bh3 Na5 15.Bxd7 Nc4 16.Qe2 Qxd7 17.Bf2 e5 18.Nb3 exf4
19.Bd4 Rfe8 20.Rhf1 Ne3 21.Bxe3 fxe3 22.Nd4 Rxc3 23.bxc3 Rxe4
24.Rd3 Rxh4 25.Qxe3 Rg4 26.Nf3 Qa4 27.Qe7 Qa3+ 28.Kd1 Qb2
29.Rf2 Bf8 30.Qe8 Qb6 31.Re3 Rf4 32.Rfe2 Qb1+ 33.Kd2 Qxa2
34.Rd3 Qc4 35.Re7 Rf5 36.Nd4 Rxg5 37.Ne6 Rf5 38.Rg3 Qd5+
39.Kc1 Qh1+ 40.Kd2 Qh2+ 41.Kc1 Qxg3 42.Rxb7 Qe1+ 0-1

[Event "Wch U12"]
[Site "Batumi"]
[Date "2006.10.19"]
[EventDate "?"]
[Round "2"]
[Result "1-0"]
[White "Ray Robson"]
[Black "Simone De Filomeno"]
[WhiteElo "2527"]
[BlackElo "2215"]
[PlyCount "45"]

1.e4 c5 2.Nf3 Nc6 3.d4 cxd4 4.Nxd4 Nf6 5.Nc3 g6 6.Bc4 Bg7
7.Nxc6 bxc6 8.e5 Ng8 9.Qf3 f5 10.Bf4 e6 11.h4 Nh6 12.O-O-O Qc7
13.h5 Ng4 14.hxg6 h5 15.Rde1 Rb8 16.Bb3 Rb4 17.g3 Bb7 18.Qe2
Qb6 19.f3 Ba6 20.Qg2 c5 21.a3 Rxb3 22.cxb3 Nf2 23.Qxf2 1-0

[Event "Wch U12"]
[Site "Batumi"]
[Date "2006.10.19"]
[EventDate "?"]
[Round "10"]
[Result "1-0"]
[White "Ray Robson"]
[Black "Sahaj Grover"]
[WhiteElo "2527"]
[BlackElo "2288"]
[PlyCount "113"]

1.e4 c5 2.Nf3 d6 3.d4 Nf6 4.Nc3 cxd4 5.Nxd4 a6 6.Be2 e5 7.Nb3
Be7 8.Be3 Be6 9.Nd5 Nbd7 10.Qd3 Bxd5 11.exd5 Nc5 12.Nxc5 dxc5
13.O-O-O Qd6 14.g4 b5 15.g5 c4 16.Qf5 g6 17.Qh3 Nd7 18.Bg4 c3
19.Bxd7+ Qxd7 20.Qxd7+ Kxd7 21.f4 cxb2+ 22.Kxb2 exf4 23.Bxf4
f5 24.d6 Bd8 25.h4 Bb6 26.h5 Rae8 27.hxg6 hxg6 28.Rh6 Reg8
29.Rdh1 Bd4+ 30.c3 Bg7 31.Rh7 Rxh7 32.Rxh7 Ke6 33.d7 Kxd7
34.Be5 Ke6 35.Bxg7 f4 36.Bd4 Kf5 37.Rf7+ Kxg5 38.Be5 Kh4
39.Bxf4 g5 40.Be5 g4 41.Rh7+ Kg5 42.Rg7+ Rxg7 43.Bxg7 g3
44.Kb3 Kf5 45.Kb4 g2 46.Bd4 Ke4 47.Ka5 Kd3 48.a3 g1=Q 49.Bxg1
Kxc3 50.Bc5 Kc4 51.Bb4 Kd5 52.Kb6 Ke6 53.Kxa6 Kd7 54.Kb7 Kd8
55.Bd6 Kd7 56.Bc7 Ke8 57.Kc6 1-0

[Event "Philadelphia National op 37th"]
[Site "Philadelphia"]
[Date "2006.11.24"]
[EventDate "?"]
[Round "6"]
[Result "1/2-1/2"]
[White "Ray Robson"]
[Black "David E Vigorito"]
[WhiteElo "2527"]
[BlackElo "2400"]
[PlyCount "115"]

1.d4 d5 2.c4 e6 3.Nc3 c6 4.Nf3 Nf6 5.Bg5 dxc4 6.e4 b5 7.e5 h6
8.Bh4 g5 9.Nxg5 hxg5 10.Bxg5 Nbd7 11.g3 Rg8 12.h4 Rxg5 13.hxg5
Nd5 14.g6 fxg6 15.Qg4 Qe7 16.Bg2 N7b6 17.Be4 Qb4 18.Bxg6+ Kd8
19.Qg5+ Kc7 20.Qd2 Na4 21.Rh7+ Bd7 22.Bf7 Kb6 23.a3 Qa5
24.Nxd5+ cxd5 25.Qxa5+ Kxa5 26.O-O-O Nb6 27.g4 c3 28.bxc3
Bxa3+ 29.Kd2 Nc4+ 30.Ke2 Bb2 31.g5 Bxc3 32.g6 b4 33.g7 Bb5
34.Kf3 Bxd4 35.Rh8 Nxe5+ 36.Kg2 Nxf7 37.Rxa8 Bxg7 38.Rxa7+ Kb6
39.Rxf7 Bc3 40.f4 b3 41.Re7 b2 42.Rxe6+ Kc5 43.f5 Bd7 44.Re3
d4 45.Rf3 Bc6 46.f6 Kc4 47.Kf2 Bxf3 48.Kxf3 d3 49.f7 Bg7
50.Rb1 Kc3 51.Ke4 d2 52.Ke3 Kc2 53.Rxb2+ Bxb2 54.f8=Q d1=Q
55.Qf5+ Kc3 56.Qc5+ Kb3 57.Qb5+ Ka2 58.Qa6+ 1/2-1/2

[Event "North American op 16th"]
[Site "Las Vegas"]
[Date "2006.12.26"]
[EventDate "?"]
[Round "1"]
[Result "0-1"]
[White "Ray Robson"]
[Black "Joshua E Friedel"]
[WhiteElo "2527"]
[BlackElo "2555"]
[PlyCount "78"]

1.e4 e5 2.Nf3 Nc6 3.Bb5 a6 4.Ba4 Nf6 5.O-O Be7 6.Re1 b5 7.Bb3
d6 8.c3 O-O 9.h3 Na5 10.Bc2 c5 11.d4 cxd4 12.cxd4 Bb7 13.Nbd2
exd4 14.Nxd4 Re8 15.Nf1 g6 16.Ng3 Nd7 17.b3 Bf6 18.Bb2 Qb6
19.Qd2 Rad8 20.Rad1 d5 21.exd5 Rxe1+ 22.Qxe1 Bxd5 23.Ndf5 Bxb2
24.Ne7+ Kg7 25.Nxd5 Qc5 26.Ne3 Nc6 27.Rd5 Qf8 28.Be4 Nf6
29.Rxd8 Nxd8 30.Nd5 Qd6 31.Nxf6 Bxf6 32.Qe2 Ne6 33.Qd3 Qb4
34.Bd5 Nf4 35.Qe4 Qd2 36.Nf1 Ne2+ 37.Kh2 Qe1 38.Qe8 Qxf1
39.Qxf7+ Kh6 0-1

[Event "North American op 16th"]
[Site "Las Vegas"]
[Date "2006.12.26"]
[EventDate "?"]
[Round "6"]
[Result "1-0"]
[White "Ray Robson"]
[Black "Timothy Taylor"]
[WhiteElo "2527"]
[BlackElo "2340"]
[PlyCount "83"]

1.e4 Nc6 2.Nf3 d6 3.d4 Nf6 4.Nc3 Bg4 5.Be3 e5 6.d5 Ne7 7.h3
Bd7 8.Bd3 Ng6 9.Qe2 Be7 10.O-O-O O-O 11.g3 c5 12.dxc6 bxc6
13.Bc4 Qa5 14.Nd2 Rfb8 15.Nb3 Qc7 16.f4 a5 17.f5 Nf8 18.a4 d5
19.exd5 Bxf5 20.g4 Bg6 21.h4 h5 22.g5 Ng4 23.dxc6 Qxc6 24.Bd5
Qa6 25.Qf3 Nxe3 26.Qxe3 Ra7 27.Qxe5 Rc8 28.Nd4 Bd6 29.Qe2 Qb6
30.Ndb5 Bf4+ 31.Kb1 Ne6 32.Rhf1 Bb8 33.Be4 Nf4 34.Rxf4 Bxf4
35.Bxg6 fxg6 36.Nxa7 Rxc3 37.Qe8+ Kh7 38.Rd8 Qxd8 39.Qxd8 Rh3
40.Nc6 Rxh4 41.Ne7 Bxg5 42.Qg8+ 1-0

[Event "Wch U12"]
[Site "Batumi"]
[Date "2006.10.19"]
[EventDate "?"]
[Round "3"]
[Result "1/2-1/2"]
[White "Shah Fenil"]
[Black "Ray Robson"]
[WhiteElo "2240"]
[BlackElo "2527"]
[PlyCount "89"]

1.e4 c5 2.Nc3 Nc6 3.g3 g6 4.Bg2 Bg7 5.d3 e6 6.Be3 d6 7.Qd2 Nd4
8.Nd1 b6 9.c3 Nc6 10.Ne2 Ba6 11.f4 Nge7 12.Bf2 O-O 13.O-O Rc8
14.Re1 Qd7 15.d4 Bxe2 16.Rxe2 cxd4 17.cxd4 f5 18.d5 exd5
19.exd5 Na5 20.Nc3 Nc4 21.Qe1 Rfe8 22.Rc1 Kf8 23.b3 Na5 24.Qd2
Ng8 25.Bd4 Nf6 26.Rce1 Rxe2 27.Rxe2 Qc7 28.Re1 Nb7 29.Qb2 Qd7
30.Nb5 Qxb5 31.Bxf6 Qc5+ 32.Kh1 Qc7 33.Bf1 Bxf6 34.Qxf6+ Qf7
35.Qh8+ Qg8 36.Qf6+ Qf7 37.Qh8+ Qg8 38.Qxg8+ Kxg8 39.Re7 Rc1
40.Rxb7 Rxf1+ 41.Kg2 Rd1 42.Rb8+ Kg7 43.Rb7+ Kg8 44.Rb8+ Kg7
45.Rb7+ 1/2-1/2

[Event "Philadelphia National op 37th"]
[Site "Philadelphia"]
[Date "2006.11.24"]
[EventDate "?"]
[Round "2"]
[Result "1-0"]
[White "Sergey Kudrin"]
[Black "Ray Robson"]
[WhiteElo "2573"]
[BlackElo "2527"]
[PlyCount "123"]

1.e4 c5 2.Nf3 d6 3.d4 cxd4 4.Nxd4 Nf6 5.Nc3 e6 6.g4 h6 7.h3
Be7 8.Be3 g5 9.Qe2 Nbd7 10.O-O-O a6 11.h4 Rg8 12.f3 Ne5 13.Qd2
Nfd7 14.Be2 b5 15.hxg5 hxg5 16.Rh6 Nb6 17.Rdh1 Nbc4 18.Bxc4
Nxc4 19.Qe2 Bb7 20.Rh8 Kd7 21.R8h7 Qf8 22.Bf2 Bf6 23.b3 Na3
24.Nb1 Nxb1 25.Kxb1 Qe7 26.Rd1 Rh8 27.Rxh8 Bxh8 28.c4 bxc4
29.Qxc4 Rc8 30.Qb4 Ke8 31.Be3 d5 32.Qxe7+ Kxe7 33.exd5 Bxd4
34.Rxd4 Bxd5 35.Bxg5+ f6 36.Bh4 Rc3 37.Rf4 Rxf3 38.Bxf6+ Kd6
39.Bg5 Rxf4 40.Bxf4+ Kc5 41.Be3+ Kb4 42.Bd4 a5 43.Kb2 a4
44.Bc3+ Kc5 45.b4+ Kc4 46.a3 Be4 47.g5 Bg6 48.Kc1 Be8 49.Kc2
Bg6+ 50.Kd2 Kd5 51.Bf6 e5 52.Kc3 Be8 53.Bd8 Kd6 54.Kc4 Bf7+
55.Kb5 Be8+ 56.Ka6 e4 57.Bb6 Kd5 58.Bf2 Kc4 59.Ka5 Kb3 60.b5
Kxa3 61.b6 Bc6 62.g6 1-0

[Event "Philadelphia National op 37th"]
[Site "Philadelphia"]
[Date "2006.11.24"]
[EventDate "?"]
[Round "4"]
[Result "0-1"]
[White "Jake Kleiman"]
[Black "Ray Robson"]
[WhiteElo "2320"]
[BlackElo "2527"]
[PlyCount "96"]

1.e4 c5 2.Nf3 d6 3.d4 cxd4 4.Nxd4 Nf6 5.Nc3 e6 6.g4 h6 7.h4
Nc6 8.Rg1 h5 9.g5 Ng4 10.Nxc6 bxc6 11.Be2 d5 12.Bxg4 hxg4
13.exd5 exd5 14.Qe2+ Be7 15.Bf4 Rxh4 16.O-O-O Kf8 17.Ne4 Kg8
18.Kb1 Bd7 19.Rh1 Rh3 20.Ng3 Bxg5 21.Qe3 Bxf4 22.Qxf4 Qf6
23.Qc7 Bf5 24.Rhf1 Bg6 25.Rde1 a5 26.Qd7 Rb8 27.b3 a4 28.Qa7
Qd6 29.Qxa4 f5 30.Qa7 Rf8 31.Re7 Qf6 32.Rfe1 Bf7 33.Qd7 g6
34.a4 Rh2 35.a5 Rxf2 36.a6 Qc3 37.R1e2 Qxg3 38.Rxf2 Qg1+
39.Kb2 Qxf2 40.a7 Qd4+ 41.Ka2 Ra8 42.Rxf7 Rxa7+ 43.Qxa7 Qxa7+
44.Rxa7 g3 45.Kb2 g2 46.Ra1 f4 47.Kc3 f3 48.Rg1 Kf7 0-1

[Event "North American op 16th"]
[Site "Las Vegas"]
[Date "2006.12.26"]
[EventDate "?"]
[Round "4"]
[Result "1-0"]
[White "Robby Adamson"]
[Black "Ray Robson"]
[WhiteElo "2312"]
[BlackElo "2527"]
[PlyCount "63"]

1.e4 c5 2.Nf3 d6 3.d4 cxd4 4.Nxd4 Nf6 5.Nc3 e6 6.Be2 Be7 7.O-O
O-O 8.f4 Nc6 9.Kh1 a6 10.Nxc6 bxc6 11.Qd3 d5 12.e5 Nd7 13.Qh3
Re8 14.Bd3 g6 15.b3 Bf8 16.Bb2 a5 17.Rae1 Nc5 18.Be2 a4 19.Bc1
axb3 20.axb3 Na6 21.Nd1 Be7 22.Ne3 Kg7 23.Rf3 h5 24.g4 hxg4
25.Qxg4 Rh8 26.Rg1 Nc5 27.f5 exf5 28.Nxf5+ Bxf5 29.Qxf5 Rf8
30.Qh5 Qe8 31.Qh6+ Kg8 32.Rh3 1-0

[Event "Foxwoods Open"]
[Site "Foxwoods"]
[Date "2007.04.05"]
[EventDate "2007.??.??"]
[Round "2.14"]
[Result "1-0"]
[White "Ray Robson"]
[Black "Pavel Blatny"]
[WhiteElo "2332"]
[BlackElo "2508"]
[PlyCount "63"]

1. e4 b6 2. d4 Bb7 3. Bd3 g6 4. Nf3 Bg7 5. O-O e6 6. c3 d6
7. Bf4 Ne7 8. Qe2 a6 9. Nbd2 Nd7 10. a4 h6 11. a5 b5 12. c4 g5
13. Bg3 g4 14. Nh4 bxc4 15. Nxc4 Bxd4 16. Bxd6 cxd6 17. Nxd6+
Kf8 18. Nxb7 Qb8 19. Bxa6 Qa7 20. Rad1 e5 21. Rxd4 exd4
22. Qb5 Qxa6 23. Qxd7 Qc6 24. Qxd4 Rg8 25. Nc5 Ke8 26. Nf5 Rg6
27. Qh8+ Ng8 28. Qe5+ Kf8 29. Rd1 f6 30. Qc3 Ke8 31. Nd6+ Ke7
32. Qc4 1-0